| 000 | 00764cab a22001935a 4500 | ||
|---|---|---|---|
| 001 | L157923 | ||
| 008 | 130722e20130629xxk 000 0 eng d | ||
| 035 | _a(Sirsi) u157923 | ||
| 041 | 0 | _aeng | |
| 100 | 1 | _aJones, Sandra | |
| 245 | 0 | 0 |
_aMoving on up _bEstates Gazette Property Sentiment Survey |
| 260 | _c2013 | ||
| 490 |
_aEstates Gazette _v(1326) 29 June 2013, 66-70(5) |
||
| 520 | _aReports on results for the EG and Grosvenor's latest market sentiment survey. Finds that the EG Sentiment Indicator which measures property industry confidence has increased with an improvement in almost all sectors with only retail/leisure retaining a mood of pessimism. | ||
| 590 | _aKA | ||
| 651 | 4 | _aUnited Kingdom | |
| 690 |
_aCommercial property _96227 |
||
| 942 | _n0 | ||
| 999 |
_c84485 _d84485 |
||